| 000 | 00792nam a2200169 4500 | ||
|---|---|---|---|
| 040 | _cNUST | ||
| 082 | _a621.382,NAW | ||
| 100 |
_aNawaz, Capt Zain Ali (BEE-58 / TCC-33) _9131731 |
||
| 245 |
_aAnti-Jamming in Wireless Networks using reinforcement learning (DRL) / _cCapt Zain Ali Nawaz, Malik Muhammad Zubair, Jawad Ali and Ahmad Raza (BEE-58 / TCC-33) |
||
| 260 |
_aRawalpindi _bMCS (NUST) _c2025 |
||
| 300 | _a83 p.; | ||
| 505 | _aIntroduction (Page-16), Literature Review (Page-21), Design Methodology (Page-29), Implementation and Simulation (Page-37), Performance Analysis (Page-47), Future Works and References (Page-55), References (Page-61). | ||
| 650 |
_aUG Project _9131132 |
||
| 651 |
_aBEE-58 _9131723 |
||
| 700 |
_aSupervised by Lt Col Imran Nazir _9131726 |
||
| 942 |
_2ddc _cPR |
||
| 999 |
_c615320 _d615320 |
||